Critical Social Work With Children and Families (Record no. 4909)
[ view plain ]
| 000 -LEADER | |
|---|---|
| fixed length control field | 00448nam a22001457a 4500 |
| 008 - FIXED-LENGTH DATA ELEMENTS--GENERAL INFORMATION | |
| fixed length control field | 170119b xxu||||| |||| 00| 0 eng d |
| 020 ## - INTERNATIONAL STANDARD BOOK NUMBER | |
| International Standard Book Number | 978-1-4473-0503-3 |
| 082 ## - DEWEY DECIMAL CLASSIFICATION NUMBER | |
| Classification number | 305.5 |
| 100 ## - MAIN ENTRY--PERSONAL NAME | |
| Personal name | ROGEGOWSKI,Steve |
| 245 ## - TITLE STATEMENT | |
| Title | Critical Social Work With Children and Families |
| Remainder of title | Theory Context and Practice |
| Statement of responsibility, etc. | Steve Rogowski |
| Medium | English |
| 260 ## - PUBLICATION, DISTRIBUTION, ETC. (IMPRINT) | |
| Place of publication, distribution, etc. | Briston |
| Name of publisher, distributor, etc. | The policy Press |
| Date of publication, distribution, etc. | 2013 |
| 300 ## - PHYSICAL DESCRIPTION | |
| Extent | 195p. |
| Dimensions | 26cm |
| 650 ## - SUBJECT ADDED ENTRY--TOPICAL TERM | |
| Source of heading or term | Social Classes |
| 942 ## - ADDED ENTRY ELEMENTS (KOHA) | |
| Source of classification or shelving scheme | |
| Koha item type | BOOKS |
| Withdrawn status | Lost status | Source of classification or shelving scheme | Damaged status | Not for loan | Home library | Current library | Date acquired | Total Checkouts | Full call number | Barcode | Date last seen | Price effective from | Koha item type |
|---|---|---|---|---|---|---|---|---|---|---|---|---|---|
| Mwanza | Mwanza | 19/01/2017 | 305.5 | 10000000453 | 19/01/2017 | 19/01/2017 | BOOKS | ||||||
| Mwanza | Mwanza | 19/01/2017 | 305.5 | 10000000454 | 19/01/2017 | 19/01/2017 | BOOKS |